| 000 | 00396nam a2200145Ia 4500 | ||
|---|---|---|---|
| 008 | 210210b1980 xxu||||| |||| 00| 0 eng d | ||
| 082 | _a796.48 MYAM | ||
| 100 | _aMYACHIN (Ivan) and BAZUMOV (Boris). | ||
| 245 | _aMoscow city of olympics. | ||
| 260 |
_aND _bSterling Publishers (P) Ltd., _c1980 |
||
| 300 | _av,217 | ||
| 650 | _aOlympics | ||
| 690 | _aAthletic & Outdoor Sports | ||
| 906 | _a035587 | ||
| 999 |
_c86308 _d86308 |
||